000 01340cam a22002655a 4500
001 L142398
008 080212s2007 xxk f 000 0 eng d
020 _a1904608647
035 _a(Sirsi) u142398
041 0 _aeng
050 0 4 _a336.2 $2 18
100 1 _aBayley, Carl
245 0 0 _aHow to avoid property tax
250 _a10th ed.
260 _aKircaldy
_bTaxcafe UK Limited
_c2007
300 _a291p.
_c24cm.
505 2 _aWhat is property tax? -- What kind of property investor are you? -- How to avoid income tax -- Avoiding income tax on a property investment business -- How to avoid tax on a property trade -- How to avoid capital gains tax -- Other taxes to watch out for -- Advanced tax planning -- Planning with more complex structures -- The 2007 Pre-Budget Report -- Appendix A: tax rates and allowances -- Appendix B: Indexation relief rates -- Appendix C: Tax return supplements -- Appendix D: Short leases
520 _aA practical guide to saving income tax and capital gains tax on property investments and dealings. Aimed at all types of property investor, from buy-to-let landlord to amateur property developer to second home owners.
520 _aSupersedes the 9th ed.
521 _aIntroductory
590 _aKA
651 4 _aUnited Kingdom
_y
690 _aPROPERTY-PROPERTY TAXATION
942 _n0
999 _c107876
_d107876